Language and interpretation: (Record no. 10653)

MARC details
000 -LEADER
fixed length control field 00770 a2200217 4500
010 ## - LIBRARY OF CONGRESS CONTROL NUMBER
LC control number ENG-89452
020 ## - INTERNATIONAL STANDARD BOOK NUMBER
International Standard Book Number 8172112300
Terms of availability 650.00
035 ## - SYSTEM CONTROL NUMBER
System control number EN-72985
037 ## - SOURCE OF ACQUISITION
Source of stock number/acquisition DBAD / PUB
082 14 - DEWEY DECIMAL CLASSIFICATION NUMBER
Classification number 401.802
090 ## - LOCALLY ASSIGNED LC-TYPE CALL NUMBER (OCLC); LOCAL CALL NUMBER (OCLC)
-- 10955
-- 10955
245 1# - TITLE STATEMENT
Title Language and interpretation:
Statement of responsibility, etc edited by Manjulika Ghosh and Raghunath Ghosh
Remainder of title hermeneutics from East-West perspective/
260 ## - PUBLICATION, DISTRIBUTION, ETC. (IMPRINT)
Place of publication, distribution, etc New Delhi
Name of publisher, distributor, etc Nothern Book Centre
Date of publication, distribution, etc 2007
270 ## - ADDRESS
Address 4221/1, Ansari Road, Daryaganj,
City New Delhi
State or province Delhi
Postal code 110002
300 ## - PHYSICAL DESCRIPTION
Extent xvii, 238p.
Dimensions 21 cm (Hb)
500 ## - GENERAL NOTE
General note Includes Index
700 ## - ADDED ENTRY--PERSONAL NAME
Personal name Ghosh, Manjulika
700 ## - ADDED ENTRY--PERSONAL NAME
Personal name Ghosh, Raghunath
942 ## - ADDED ENTRY ELEMENTS (KOHA)
Institution code [OBSOLETE] dpl
Koha item type English Books
Call number prefix 401.802/ LAN
Holdings
Withdrawn status Lost status Source of classification or shelving scheme Damaged status Not for loan Collection code Home library Current library Source of acquisition Cost, normal purchase price Total Checkouts Full call number Barcode Date last seen Copy number Uniform Resource Identifier Cost, replacement price Price effective from Koha item type
    Dewey Decimal Classification   Not For Loan Non-fiction D.B.Act.Division D.B.Act.Division DBAD/PUB 650.00   401.802 LAN EN-72985 15/09/2008 1 11730 650.00 15/09/2008 English Books

© Delhi Public Library
Hit Counter
free hit counter